Orphan black. Season one /

Sarah is on the run from a bad relationship when a lookalike stranger commits suicide right in front of her. Sarah sees a solution to all her problems by assuming the dead woman's identity and clearing out her bank account. Instead, she stumbles into a thriller mystery, and uncovers an earth-sh...

Full description

Bibliographic Details
Uniform Title:Orphan black (Television program).
Main Authors: Manson, Graeme (Writer) (Creator, Screenwriter), Fawcett, John, 1968- (Creator)
Other Authors: Maslany, Tatiana (Actor), Bruce, Dylan, 1980- (Actor), Gavaris, Jordan, 1989- (Actor), Hanchard, Kevin (Actor), Mando, Michael, 1981- (Actor), Kennedy, Maria Doyle (Actor)
Format: Video DVD
Language:English
Language Notes:Closed-captioned; optional English subtitles for the deaf and hard of hearing.
Published: [S.l.] : BBC Worldwide Americas, 2013.
Subjects:

MARC

Tag First Indicator Second Indicator Subfields
LEADER 00000cgm a2200000Ii 4500
001 in00003603413
005 20170928105917.0
007 vd cvaizq
008 130625t20132013cau450 vleng d
024 1 |a 883929331659 
028 4 0 |a 1000395523  |b BBC 
035 |a (OCoLC)ocn850605532 
035 |a (OCoLC)850605532 
037 |b Midwest Tape  |n http://www.midwesttapes.com 
040 |a TEFMT  |b eng  |e rda  |c TEFMT  |d TEF  |d APL  |d IK2  |d JP3  |d IUL  |d COO  |d OCLCO  |d NUI  |d OCLCF  |d ZCU  |d VP@  |d OCLCO  |d OCLCA  |d EMU  |d WAU  |d MNM  |d OCLCO  |d OCL  |d OCLCO  |d UtOrBLW 
041 0 |a eng  |j eng 
046 |k 2013 
049 |a TXAM 
050 4 |a PN1992.77  |b .O77 2013 
082 0 4 |a 791.45/75  |2 23 
090 |a PN1992.77.O77  |b O77 2013b 
130 0 |a Orphan black (Television program).  |n Season 1. 
245 1 0 |a Orphan black.  |n Season one /  |c created by Graeme Manson and John Fawcett ; produced by Claire Welland ; produced and developed in association with Bell Media ; Temple Street Productions ; BBC America ; Bell Media ; Temple Street Productions. 
246 3 |a Orphan black.  |n Season 1 
257 |a Canada  |a United States.  |2 naf 
264 1 |a [S.l.] :  |b BBC Worldwide Americas,  |c 2013. 
264 2 |a Burbank, CA :  |b Warner Home Video 
300 |a 3 videodiscs (450 min.) :  |b sound, color ;  |c 4 3/4 in. 
336 |a two-dimensional moving image  |b tdi  |2 rdacontent 
337 |a video  |b v  |2 rdamedia 
338 |a videodisc  |b vd  |2 rdacarrier 
346 |b NTSC  |2 rda 
347 |a video file  |b DVD video  |e region 1  |2 rda 
538 |a DVD video, NTSC, region 1, widescreen (16x9) presentation; Dolby digital 5.1. 
546 |a Closed-captioned; optional English subtitles for the deaf and hard of hearing. 
500 |a Title from container. 
511 1 |a Tatiana Maslany, Dylan Bruce, Jordan Gavaris, Kevin Hanchard, Michael Mando, Maria Doyle Kennedy, Skyler Wexler, Matt Frewer, Kristian Bruun. 
508 |a Photography, Aaron Morton ; music, Trevor Yuile ; visual effects, Intelligent Creatures. 
500 |a Originally broadcast as single episodes of the television program in 2013. 
521 8 |a Rating: Not rated. 
520 |a Sarah is on the run from a bad relationship when a lookalike stranger commits suicide right in front of her. Sarah sees a solution to all her problems by assuming the dead woman's identity and clearing out her bank account. Instead, she stumbles into a thriller mystery, and uncovers an earth-shattering secret: she is a clone. She learns there are more like her, genetically identical individuals, nurtured in wildly different circumstances, and someone is trying to kill them off, one by one. 
500 |a Special features: Interview with Tatiana Maslany and set tour from "The Nerdist"; character profiles; featurette. 
505 0 0 |g disc 1.  |t Natural selection /  |r director, John Fawcett ; writer, Graeme Manson.  |t Instinct /  |r director, John Fawcett ; writer, Graeme Manson.  |t Variation under nature /  |r director, David Frazee ; writer, Graeme Manson.  |t Effects of external conditions /  |r director, Grant Harvey; writer, Karen Walton --  |g disc 2.  |t Conditions of existence /  |r director, TJ Scott ; writer, Alex Levine.  |t Variations under domestication /  |r director, John Fawcett ; writer, Will Pascoe.  |t Parts developed in an unusual manner /  |r director, Brett Sullivan ; writer, Tony Elliott.  |t Entangled bank /  |r director, Ken Girotti ; writer, Karen Walton --  |g disc 3.  |t Unconscious selection /  |r director, TJ Scott ; writer, Alex Levine .  |t Endless forms most beautiful /  |r director, John Fawcett ; writer, Graeme Manson. 
650 0 |a Human cloning  |v Drama. 
650 0 |a Murder  |v Drama.  |0 http://id.loc.gov/authorities/subjects/sh2008107248 
650 7 |a Human cloning.  |2 fast  |0 (OCoLC)fst00962924 
650 7 |a Murder.  |2 fast  |0 (OCoLC)fst01029781 
655 7 |a Action and adventure television programs.  |2 lcgft  |0 http://id.loc.gov/authorities/genreForms/gf2011026006 
655 7 |a Science fiction television programs.  |2 lcgft  |0 http://id.loc.gov/authorities/genreForms/gf2011026558 
655 7 |a Fiction television programs.  |2 lcgft  |0 http://id.loc.gov/authorities/genreForms/gf2011026252 
655 7 |a Television series.  |2 lcgft  |0 http://id.loc.gov/authorities/genreForms/gf2011026680 
655 7 |a Television programs.  |2 lcgft  |0 http://id.loc.gov/authorities/genreForms/gf2011026673 
655 7 |a Video recordings for the hearing impaired.  |2 lcgft  |0 http://id.loc.gov/authorities/genreForms/gf2011026725 
655 7 |a Action and adventure television programs.  |2 fast  |0 (OCoLC)fst01726304 
655 7 |a Drama.  |2 fast  |0 (OCoLC)fst01423879 
655 7 |a Feature films.  |2 fast  |0 (OCoLC)fst01710384 
655 7 |a Fiction television programs.  |2 fast  |0 (OCoLC)fst01710265 
655 7 |a Science fiction television programs.  |2 fast  |0 (OCoLC)fst01710394 
655 7 |a Television series.  |2 fast  |0 (OCoLC)fst01710566 
655 7 |a Video recordings for the hearing impaired.  |2 fast  |0 (OCoLC)fst01710450 
700 1 |a Manson, Graeme  |c (Writer),  |e creator,  |e screenwriter.  |0 http://id.loc.gov/authorities/names/no2013124139 
700 1 |a Fawcett, John,  |d 1968-  |e creator,  |e television director.  |0 http://id.loc.gov/authorities/names/no2002033457 
700 1 |a Welland, Claire,  |e television producer.  |0 http://id.loc.gov/authorities/names/no2016022919 
700 1 |a Maslany, Tatiana,  |e actor.  |0 http://id.loc.gov/authorities/names/no2009194794 
700 1 |a Bruce, Dylan,  |d 1980-  |e actor.  |0 http://id.loc.gov/authorities/names/no2012078602 
700 1 |a Gavaris, Jordan,  |d 1989-  |e actor.  |0 http://id.loc.gov/authorities/names/no2014024752 
700 1 |a Hanchard, Kevin,  |e actor.  |0 http://id.loc.gov/authorities/names/no2015104011 
700 1 |a Mando, Michael,  |d 1981-  |e actor.  |0 http://id.loc.gov/authorities/names/no2015122953 
700 1 |a Kennedy, Maria Doyle,  |e actor.  |0 http://id.loc.gov/authorities/names/no00091006 
710 2 |a Temple Street Productions,  |e production company.  |0 http://id.loc.gov/authorities/names/no2007034118 
710 2 |a Bell Media (Firm),  |e production company.  |0 http://id.loc.gov/authorities/names/no2016118997 
710 2 |a BBC America,  |e production company.  |0 http://id.loc.gov/authorities/names/no2004095851 
710 2 |a BBC Worldwide Ltd.,  |e film distributor.  |0 http://id.loc.gov/authorities/names/no99035245 
710 2 |a Warner Home Video (Firm),  |e film distributor.  |0 http://id.loc.gov/authorities/names/no95005960 
994 |a C0  |b TXA 
948 |a cataloged  |b h  |c 2015/12/11  |d c  |e blrosas  |f 3:05:34 pm 
999 f f |s 7c8de222-cb37-387a-88a0-df4d2fdfecb4  |i 4dd6df4f-ef14-3bb1-b189-b877f8a8b853  |t 0 
952 f f |p dvd  |a Texas A&M University  |b College Station  |c Sterling C. Evans Library  |d Evans: Media and Reserves (Annex 1st floor)  |t 0  |e PN1992.77.O77 O77 2013b  |h Library of Congress classification  |i video -- videodisc  |m A14843298119 
998 f f |a PN1992.77.O77 O77 2013b  |t 0  |l Evans: Media and Reserves (Annex 1st floor)